000 01115cam a22003131i 4500
003 SIRSI
003 SA-RiAUC
005 20250217081056.0
008 250213s1998 su g 00000 ara c
020 _a9960344517
040 _aSA-TaTU
_dSA-MAUQU
_bara
_erda
082 0 4 _a224.2
_qSA-RiAUC
090 _a224.2
_bظ ف ر
100 1 _aظفر، جميل أحمد مير،
_d1352 هجري-
_eمؤلف.
245 1 2 _aالنحو القرآني :
_bقواعد وشواهد /
_cتأليف جميل أحمد ظفر.
250 _a.
264 1 _aمكة المكرمة :
_bجميل أحمد مير ظفر،
_c1998
300 _a605 صفحة ؛
_c24 سم
336 _aنص
_btxt
_2rdacontent
_3كتاب
337 _aبدون وسيط
_bn
_2rdamedia
338 _aمجلد
_bnc
_2rdacarrier
500 _aاهداء من المؤلف جميل احمد ظفر19/ 9 /1408هـ
504 _aببليوجرافية : صفحة 584-587.
630 2 7 _aالقرآن
_xإعراب
_2aucut
630 2 7 _aالقرآن
_xنحو
_2aucut
730 2 2 _aالقرآن
942 _2ddc
_cBOOK
949 _aSA-JeALM
_d250213
_ukhaled123
_n1
999 _c5876
_d5876